000 01417nam a2200301 4500
008 s2002 fr fre u
020 _a2010178076
020 _a9782010178078
040 _aLB-BrCRDP
082 1 _a025.5
_bBAY
100 1 _aBayard Pierlot, Jacqueline
245 1 3 _aLe CDI au cœur du projet pédagogique
_cJacqueline Bayard - Pierlot , Marie - José Birglin
250 _a6e éd.
260 _aParis
_bHachette
_c2002
300 _a159 p.
_c23 cm
490 1 _aPédagogies pour demain
500 _aSommaire.
520 _aComment développer entre les documentalistes et les autres membres de l'équipe éducative, des coopérations qui permettent d'exploiter au mieux le CDI ? Comment travailler ensemble autour des multiples projets pédagogiques qui se montent dans les établissements scolaires.Jacqueline Bayard-Pierlot et Marie-José Birglin proposent des pistes de travail, des témoignages et des récits d'expérience, issus de longues années de travail dans les CDI, de formation de documentalistes et de coopération avec les équipes éducatives.
650 4 _aDocumentation
650 4 _aCommunication
650 4 _aProjet pédagogique
650 4 _aProjet d'orientation
650 4 _aCDI
700 1 _aBirglin, Marie - José
830 0 _aPédagogies pour demain
_pCentres de ressources
942 _cBK
999 _c623
_d623